Derecho Público y Derecho Privado: diferencias de régimen jurídico y cuestiones actuales de recíproca influencia

Gorde:
Xehetasun bibliografikoak
Egile nagusia: Roca, María J
Formatua: Ezezaguna
Hizkuntza:ingelesa
Argitaratua: Iustel 2014
Edizioa:Primera edición
Gaiak:
Etiketak: Etiketa erantsi
Etiketarik gabe, Izan zaitez lehena erregistro honi etiketa jartzen!

MARC

LEADER 00000 a2200000 4500
003 CL-VaPUC
005 20240401121854.0
008 200106b ||||| |||| 00| 0 eng d
999 |c 376037  |d 376035 
020 |a 9788498902631 
040 |c Pontificia Universidad Católica de Valparaíso 
082 |a 342 ROC 2015 
100 |a Roca, María J  |9 604964 
245 |a Derecho Público y Derecho Privado: diferencias de régimen jurídico y cuestiones actuales de recíproca influencia 
250 |a Primera edición 
260 |b Iustel  |c 2014 
583 |k Hugo Gaete  |c 20200106 
650 0 0 |a Derecho público   |9 255910 
650 0 0 |a Derecho privado  |9 258243 
650 0 0 |a MATRIMONIO  |9 605595 
650 0 0 |a Familias   |9 255641 
650 0 0 |a Derecho de familia  |9 255603 
650 0 0 |a Derecho civil  |9 255013 
650 0 0 |a Divorcio  |9 256204 
650 0 0 |a DERECHO A LA ENSEÑANZA  |9 605596 
650 0 0 |a Enseñanza  |9 256457 
942 |2 ddc  |c BK 
952 |0 0  |1 0  |2 ddc  |4 0  |6 342_000000000000000_ROC_2015  |7 0  |9 495210  |a BIBDER  |b BIBDER  |d 2019-12-27  |e 36  |g 30418.00  |i 5568366  |o 342 ROC 2015   |p 5568366  |r 2023-01-25  |t 1  |v 30418.00  |w 2019-12-27  |y BK